| 000 -CABECERA |
| campo de control de longitud fija |
00655cam a2200217 a 4500 |
| 005 - FECHA Y HORA DE LA ÚLTIMA TRANSACCIÓN |
| campo de control |
20200120224313.0 |
| 008 - DATOS DE LONGITUD FIJA--INFORMACIÓN GENERAL |
| campo de control de longitud fija |
050623t2005 ck c gr 000 0 spa d |
| 020 62 - NÚMERO INTERNACIONAL ESTÁNDAR DEL LIBRO |
| Número Internacional Estándar del Libro |
9589686575 |
| 040 ## - FUENTE DE LA CATALOGACIÓN |
| Centro catalogador/agencia de origen |
Biblored |
| 041 0# - CÓDIGO DE LENGUA |
| Código de lengua del texto/banda sonora o título independiente |
spa |
| 082 04 - NÚMERO DE LA CLASIFICACIÓN DECIMAL DEWEY |
| Número de clasificación |
649.1 |
| Número de edición |
20 |
| 049 ## - FONDOS LOCALES (OCLC) |
| Fondos de biblioteca |
c |
| -- |
n |
| 100 #1 - ENTRADA PRINCIPAL--NOMBRE DE PERSONA |
| Nombre de persona |
Aguirre A., Diamilia Rocio |
| 245 00 - MENCIÓN DE TÍTULO |
| Título |
Escuela de padres |
| Resto del título |
una guía práctica para crecer en familia |
| Mención de responsabilidad, etc. |
Diamilia Rocio Aguirre A. |
| 246 34 - FORMA VARIANTE DE TÍTULO |
| Título propio/Titulo breve |
Una guía práctica para crecer en familia |
| 260 ## - PUBLICACIÓN, DISTRIBUCIÓN, ETC. |
| Lugar de publicación, distribución, etc. |
[Bogotá] |
| Nombre del editor, distribuidor, etc. |
El Espectador |
| Fecha de publicación, distribución, etc. |
2005 |
| 300 ## - DESCRIPCIÓN FÍSICA |
| Extensión |
248 p. |
| Otras características físicas |
retrs |
| Dimensiones |
31 cm. |
| 650 14 - PUNTO DE ACCESO ADICIONAL DE MATERIA--TÉRMINO DE MATERIA |
| Término de materia o nombre geográfico como elemento de entrada |
NIÑOS |
| Subdivisión general |
CUIDADO E HIGIENE |
| 650 14 - PUNTO DE ACCESO ADICIONAL DE MATERIA--TÉRMINO DE MATERIA |
| Término de materia o nombre geográfico como elemento de entrada |
EDUCACION DE NIÑOS |
| 650 14 - PUNTO DE ACCESO ADICIONAL DE MATERIA--TÉRMINO DE MATERIA |
| Término de materia o nombre geográfico como elemento de entrada |
PADRES E HIJOS |